Valores ideológicos y las políticas de población en México.

Guardado en:
Bibliografiske detaljer
Hovedforfatter: Leñero Otero, Luis (autor)
Format: Bog
Sprog:spansk
Serier:(Investigaciones sociología)
Fag:
Tags: Tilføj Tag
Ingen Tags, Vær først til at tagge denne postø!

MARC

LEADER 00000cam^a2200000uu^4500
001 000468054
005 20250521000000.0
008 050901s1979^^^^^^^^^^^^rd^r^^000^0^spa^d
009 20260310124501.96
022 |a 9684080115 
035 |a FCE 000010788 
035 |a FCE 032014 
037 |a Acervo ITESO - Biblioteca 
041 |a spa 
082 0 4 |a 312.38  |b LEÑv 
100 |a Leñero Otero, Luis  |e (autor) 
245 1 0 |a Valores ideológicos y las políticas de población en México. 
264 |a México :  |b Edicol,  |c 1979. 
300 |a 236 p. 
336 |a texto  |b txt  |2 rdacontenido 
337 |a sin mediación  |b n  |2 rdamedio 
338 |a volumen  |b nc  |2 rdasoporte 
440 0 |a (Investigaciones sociología) 
649 |a XX 
650 |a Población 
650 |a Sociología 
650 |a Planificación familiar 
650 |a Papel del gobierno 
650 |a Control de la natalidad 
650 |a Políticas sociales 
910 |a Fondo Centro de Estudios Educativos 
920 |a Impresos - Libros 
930 |a Fondos Especiales 
905 |a 133 
901 |a ALE032014  |b IT2  |c CEE  |u 20250521 
902 |a https://opac.biblio.iteso.mx/vufind/Record/000468054